000 00909nam a2200301Ia 4500
001 Para_1739
003 CHAP
008 220125s1993 xx 000 0 und d
010 _a200357
040 _cCHAP
082 _aPA 581.1 R6
100 _aRojas Garcidueñas, Manuel
_999305
245 _aControl hormonal del desarrollo de las plantas :
_b fisiología-tecnología-experimentación /
_c por Manuel Rojas Garcidueños y Homero Ramírez
250 _a2
260 _aMéxico :
_b Limusa
300 _a263 p.
650 _aAgricultura
_x innovaciones tecnológicas
_91565
650 _aFisiología vegetal
_941136
650 _aPlantas
_x crecimiento
_988803
700 _aRamírez, Homero
_994356
901 _aPA 581.1 R6
902 _aA
905 _a0000001993 i 0000000000 00
910 _a1993
942 _cPARA
942 _cPARA
_d1
999 _c200357
_d200357